000 00602cam a2200145 4500500
005 20260201174014.0
041 _afre
042 _adc
100 1 0 _aMasset, Claude
_eauthor
245 0 0 _aDominique Grimaud-Hervé et al., Le Deuxième homme en Afrique : Homo ergaster, Homo erectus, Paris, Artcom’-Errance, 2002, 261 p., bibl., ill. (« Guides de la préhistoire mondiale » 4)
260 _c2004.
500 _a69
786 0 _nL'Homme | 169 | 1 | 2004-01-01 | p. 225zf-304zf | 0439-4216
856 4 1 _uhttps://shs.cairn.info/revue-l-homme-2004-1-page-225zf?lang=fr&redirect-ssocas=7080
999 _c1643403
_d1643403